000 00400nam a2200157 i 4500
001 bg
100 1 _aFABER, Roman
245 0 _aJęzyki symulacji procesów dyskretnych /
_cRoman Faber, Zbigniew Nowicki.
260 _aWarszawa,
_c1978.
700 1 _aNOWICKI, Zbigniew
040 _cBPK
041 _apol
080 _a800.89:681.3.06
942 _cKS
008 s pl f |000 0 pol
999 _c17679
_d17679
856 _uhttp://koha.tu.koszalin.pl/cgi-bin/koha/opac-detail.pl?biblionumber=17679
_yKatalog online BPK